| 000 | 00401nam a2200157Ia 4500 | ||
|---|---|---|---|
| 003 | LK-CoDNM | ||
| 008 | 010623t1906 xxu||||| |||| 00| 1 sin d | ||
| 040 |
_aLK-CoDNM _dLK-CoDNM _eLK-CoDNM |
||
| 041 | _asin | ||
| 080 | _a104 S.4 | ||
| 245 | _aවන්දනා ගාථා පොත | ||
| 246 | _aVandanaa Gaatha Potha | ||
| 260 |
_bSeivya Sri _aColombo _c1906 |
||
| 300 | _b24, 19 cm | ||
| 942 | _cBK | ||
| 999 |
_c86358 _d86358 |
||